| 000 | 01220cam a2200337 i 4500 | ||
|---|---|---|---|
| 001 | 46148 | ||
| 003 | Mx-PuUPA | ||
| 005 | 20250905091324.0 | ||
| 008 | 140415s1990 sp gr 000 0 spa d | ||
| 017 | _aM-5.745-2002 | ||
| 020 | _a8430918868 | ||
| 040 |
_aMX-PuUPA _bspa _erda _cMx-PuUPA _dMx-PuUPA |
||
| 041 | 0 | _aspa | |
| 100 | 1 |
_aArenal Celestino del, _eautor |
|
| 245 | 1 | 0 |
_aIntroducción a las relaciones internacionales / _cCelestino del Arenal |
| 250 |
_aTercera edición / _brevisada y ampliada |
||
| 264 | 1 |
_aMadrid : _bEditorial Tecnos (Grupo Anaya), _c1990 |
|
| 300 |
_a495 páginas ; _c23 cm |
||
| 336 |
_atexto _2rdacontent _btxt |
||
| 337 |
_asin medio _2rdamedia _bn |
||
| 338 |
_avolumen _2rdacarrier _bnc |
||
| 490 | 0 | _aColección Ciencias Sociales | |
| 490 | 0 | _aRelaciones Internacionales | |
| 500 | _aReimpresiones: (1a, 1993) ; (2a, 1994) ; (3a, 2000) ; (4a., 2002). | ||
| 650 | 7 |
_2armarc _aPolítica internacional _xTeoría |
|
| 650 | 7 |
_2armarc _aRelaciones internacionales _xTeoría |
|
| 942 |
_cLI _2ddc _h327.101 _iA678 |
||
| 999 |
_c46148 _d46148 |
||